History: Behind The Scenes! Quiz Stats

Quiz Updated Jan 11, 2015

Challenge
Share
Tweet
Score 0/25 Timer 06:00
2 Plays Today
% Correct
Michelle Obama
95%
Muhammad Ali
94.8%
John F. Kennedy Jr.
93.7%
George W. Bush
92.7%
Walt Disney
92.5%
Charles, Prince of Wales
91.1%
Fidel Castro
91%
Bill Gates
90.8%
Albert Einstein
87.7%
Paul McCartney
85%
Ray Charles
83.4%
Mick Jagger
83.4%
Queen Elizabeth II
83.3%
% Correct
Jimi Hendrix
83%
Dalai Lama
80.9%
Pablo Picasso
74.3%
Audrey Hepburn
72.1%
Harry S. Truman
70.9%
Clint Eastwood
70%
Margaret Thatcher
67%
Paul Newman
57.9%
Edmund Hillary
48.8%
Amelia Earhart
46.3%
Carl Jung
30.9%
Diego Maradona
29.4%

You're not logged in!

Compare scores with friends on all Sporcle quizzes.
Join for Free
OR
Log In

You Might Also Like...

Show Comments

Extras

Top Quizzes Today


Score Distribution

Your Account Isn't Verified!

In order to create a playlist on Sporcle, you need to verify the email address you used during registration. Go to your Sporcle Settings to finish the process.

Report this User

Report this user for behavior that violates our Community Guidelines.

Details: